| 000 | 00450nam a2200097Ia 4500 | ||
|---|---|---|---|
| 008 | 180130s9999 xx 000 0 und d | ||
| 245 |
_cBaker, Karen E. _a"My brakes are broken": case presentation of a latency-age boy struggling with affect regulation |
||
| 260 | _c2013 | ||
| 300 | _aBook title: Child and adolescent psychotherapy and psychoanalysis : one hundred years after 'Little Hans'--Acession number C17211; pages 22-42 | ||
| 650 | _aPSYCHOTHERAPY | ||
| 999 |
_c354015 _d354015 |
||